Einleitung in das Studium der Volkswirtschaft

Enregistré dans:
Détails bibliographiques
Format: Livre
Langue:allemand
Publié: Prag H. Dominicus 1871
Tags: Ajouter un tag
Pas de tags, Soyez le premier à ajouter un tag!

MARC

LEADER 00000nam a2200000 4500
001 0304353
005 20240927101531.3
041 0 |a ger 
044 |a CZ 
245 1 0 |a Einleitung in das Studium der Volkswirtschaft  |c Karl Thomas Richter 
264 1 |a Prag  |b H. Dominicus  |c 1871